Welcome to the Holygrace Academy Library

Please use search bar below to get started

MAHATMA GANDHI (Record no. 5827)

MARC details
000 -LEADER
fixed length control field 00403nam a22001457a 4500
020 ## - INTERNATIONAL STANDARD BOOK NUMBER
ISBN 978-93-5009-305-4
082 ## - DEWEY DECIMAL CLASSIFICATION NUMBER
Classification number 920
Item number GAN/M
100 ## - MAIN ENTRY--AUTHOR NAME
Personal name GANERI, ANITA
245 ## - TITLE STATEMENT
Title MAHATMA GANDHI
Remainder of title FATHER OF THE NATION
260 ## - PUBLICATION, DISTRIBUTION, ETC. (IMPRINT)
Place of publication GURGAON
Name of publisher HACHETTE INDIA
Year of publication 2014
300 ## - PHYSICAL DESCRIPTION
Number of Pages 36
520 ## - SUMMARY, ETC.
Summary, etc THE FULLY ILLUSTRATED LIFE STORIES OF THE WORLD'S MOST INSPIRING PEOPLE!
650 ## - SUBJECT ADDED ENTRY--TOPICAL TERM
Topical Term BIOGRAPHY
Geographic subdivision INDIA
942 ## - ADDED ENTRY ELEMENTS (KOHA)
Koha item type Books
Holdings
Withdrawn status Lost status Collection code Home library Current library Shelving location Date acquired Source of acquisition Full call number Accession Number Koha item type
    Non-fiction Main Library Main Library SHELF 15F -I GET IT,BIOGRAPHY FOR CHILDREN (IMPULSE GREAT PEOPLE 27/04/2015 purchase 920 GAN/M 09291 Books
    Non-fiction Main Library Main Library SHELF 15F -I GET IT,BIOGRAPHY FOR CHILDREN (IMPULSE GREAT PEOPLE 22/04/2015 purchase 920 GAN/M 09261 Books
    Non-fiction Main Library Main Library SHELF 15F -I GET IT,BIOGRAPHY FOR CHILDREN (IMPULSE GREAT PEOPLE 18/03/2022 purchase 920 GAN/M 12488 Books
    Non-fiction Main Library Main Library SHELF 15F -I GET IT,BIOGRAPHY FOR CHILDREN (IMPULSE GREAT PEOPLE 06/05/2015 purchase 920 GAN/M 09360 Books
    Non-fiction Main Library Main Library SHELF 15F -I GET IT,BIOGRAPHY FOR CHILDREN (IMPULSE GREAT PEOPLE 24/04/2015 purchase 920 GAN/M 09282 Books
    Non-fiction Main Library Main Library SHELF 15F -I GET IT,BIOGRAPHY FOR CHILDREN (IMPULSE GREAT PEOPLE 24/04/2015 purchase 920 GAN/M 09278 Books